Staying neutral (Record no. 77481)

MARC details
000 -LEADER
fixed length control field 00984cab a2200205 4500
001 - CONTROL NUMBER
control field ##L134365
008 - FIXED-LENGTH DATA ELEMENTS--GENERAL INFORMATION
fixed length control field 060731n2006 000 0 eng u
035 ## - SYSTEM CONTROL NUMBER
System control number (Sirsi) u134365
041 0# - LANGUAGE CODE
Language code of text/sound track or separate title eng
100 1# - MAIN ENTRY--PERSONAL NAME
Personal name Russell, Paul
245 00 - TITLE STATEMENT
Title Staying neutral
260 ## - PUBLICATION, DISTRIBUTION, ETC.
Date of publication, distribution, etc. 2006
490 #0 - SERIES STATEMENT
Series statement Insight
Volume/sequential designation July 2006, 24-25(2)
520 ## - SUMMARY, ETC.
Summary, etc. Advises on the definition of sole or main residence. Considers that local authorities and valuation tribunals take too narrow an approach to this term. Highlights the judgment in "Parry v Derbyshire Dales DC" ([2006] EWHC 988 (Admin), L133998), which overturned the valuation tribunal's decision. Indicates the importance of taking into account the full facts of the individual case objectively rather than sticking rigidly to the guidelines.
590 ## - LOCAL NOTE (RLIN)
Local note IKA010806
650 24 - SUBJECT ADDED ENTRY--TOPICAL TERM
Topical term or geographic name entry element LOCAL GOVERNMENT FINANCE ACT 1992 S6
651 #4 - SUBJECT ADDED ENTRY--GEOGRAPHIC NAME
Geographic name England and Wales
Chronological subdivision 1543-
690 ## - LOCAL SUBJECT ADDED ENTRY--TOPICAL TERM (OCLC, RLIN)
Topical term or geographic name as entry element PROPERTY-PROPERTY VALUATION AND APPRAISAL-TAXATION VALUATION
942 ## - ADDED ENTRY ELEMENTS (KOHA)
Suppress in OPAC 0
Holdings
Withdrawn status Lost status Source of classification or shelving scheme Damaged status Not for loan Home library Current library Shelving location Date acquired Total Checkouts Full call number Barcode Date last seen Copy number Price effective from Koha item type
    Dewey Decimal Classification     London London Journal article 31/07/2006   L134365 134365-1001 06/08/2019 1 06/08/2019 Journal article